000 00516cam a22002171 4500
001 sa 64007030
003 DLC
005 20260227112043.0
008 890602s1963 ii 000 0 kano
010 _asa 64007030
035 _a(OCoLC)19806743
040 _aDLC
_cWaU
_dDLC
042 _apremarc
050 0 0 _aML410.S8
_bA3
100 1 _aShenai, V. A.
245 1 0 _aPurandara darśana.
260 _c1963.
300 _ax, 248 p.
_c19 cm.
500 _aIn Kannada.
600 0 0 _aPurandaradāsa,
_d1484-1564.
999 _c60020
_d60020